000 00845cab a2200289 4500
001 WB3108-24
008 090401t1995 xxu||||| |||| 00| 0 eng d
035 _a(Sirsi) u9599
041 _aeng
245 _aGrant for Cardiff land reclamation
260 _c1995
350 _a0
490 _aGuardian
_v22 February 1995, 13(1)
520 _aBlue Circle has been awarded the largest grant ever given for private sector land reclamation to develop an old cement and asbestos works site near Cardiff.
650 _aASBESTOS WORKS
650 _aBLUE CIRCLE
650 _aCARDIFF
650 _aCEMENT WORKS
650 _aCONTAMINATED LAND
650 _aDERELICT LAND
650 _aLAND RECLAMATION
650 _aSOUTH WALES
690 _aENVIRONMENTAL AND LAND CONSULTANCY
690 _aLAND
942 _n0
948 _c04/03/1997
999 _c6018
_d6018